000 00787nam a22001817a 4500
003 UA-OsUOA
001 14083
007 ta
008 20030721b un ||||| |||| 00| 0 ukr d
100 _aТовстуха П.
942 _cSA
040 _aUA-OsUOA
_cUA-OsUOA
_dUA-OsUOA
245 _a"Ми виховали рівненську публіку"
_b[Про підсумки мистец. проекту "Всі симфонії Бетховена у Рівному" розповідає диригент Рівнен. симфонічного оркестру П.Товстуха]/ Розмову вів В.Ярошевич
300 _aС.6
955 _a0
773 0 _w0
_tНова Волинь
_dРівне
_d2003
_g№24/12 черв./
650 7 _aКонцерти
_2UDC
999 _c300244
_d300244